Champions League : Handball - Statistiques

Statistiques générales
  • Ce quiz a été pris 117 fois
  • Le résultat moyen est 16 sur 24
Statistiques - réponses
Saison : Réponse attendue : % Correct
Saison 2023/2024 Barcelone
97%
Saison 2021/2022 Barcelone
97%
Saison 2020/2021 Barcelone
97%
Saison 2014/2015 Barcelone
97%
Saison 2010/2011 Barcelone
97%
Saison 2004/2005 Barcelone
97%
Saison 2017/2018 Montpellier
93%
Saison 2002/2003 Montpellier
93%
Saison 2019/2020 Kiel
90%
Saison 2011/2012 Kiel
90%
Saison 2009/2010 Kiel
90%
Saison 2006/2007 Kiel
90%
Saison 2015/2016 Kielce
80%
Saison 2022/2023 Magdebourg
74%
Saison 2001/2002 Magdebourg
74%
Saison 2018/2019 Vardar
51%
Saison 2016/2017 Vardar
51%
Saison 2008/2009 Ciudad Real
25%
Saison 2007/2008 Ciudad Real
25%
Saison 2005/2006 Ciudad Real
25%
Saison 2012/2013 Hambourg
23%
Saison 2000/2001 Pampelune
20%
Saison 2013/2014 Flensburg-Handewitt
7%
Saison 2003/2004 Celje
6%
Aucun quiz correspondant
Distribution des résultats
% des personnes avec chaque résultat
Percentile par nombre de réponses
Votre historique - résultats
Vous n’avez pas pris ce quiz